El entrenador y el equipo: Aprendiendo a ser un buen entrenador de formación

Guardat en:
Dades bibliogràfiques
Autor principal: Valenciano Oller, Mauro (Autor)
Format: Llibre
Idioma:espanyol
Publicat: Barcelona Paidotribo 2008
Edició:1a. ed
Matèries:
Etiquetes: Afegir etiqueta
Sense etiquetes, Sigues el primer a etiquetar aquest registre!

MARC

LEADER 00000nam a2200000 a 4500
001 UCH5962
003 CL-VaPUC
008 091105e20080000SP |||||||||||||||||spa|d
020 |a 9788480190442 
082 0 4 |a 796.3232  |b VAL  |2 21 
100 0 |a Valenciano Oller, Mauro  |e author  |9 542334 
245 1 3 |a El entrenador y el equipo: Aprendiendo a ser un buen entrenador de formación 
250 |a 1a. ed 
300 |a 219 p 
942 |c BK 
945 |d 20091105 00:00:00  |a dcastane 
260 |a Barcelona  |b Paidotribo  |c 2008 
650 7 |a ENTRENAMIENTO DEPORTIVO  |2 CL-VaPUC  |9 542335 
650 7 |a ESTRATEGIAS Y TACTICAS  |2 CL-VaPUC  |9 542336 
650 7 |a BALONCESTO  |2 CL-VaPUC  |9 542337 
650 7 |a DEPORTES EN EQUIPO  |2 CL-VaPUC  |9 542338 
583 |a last modification  |c 20091105 00:00:00  |k Rodrigo Vera 
999 |c 336954  |d 336952 
952 |0 0  |1 0  |4 0  |6 796_323200000000000_VAL_2008  |7 0  |8 A  |9 429030  |a BIBEDU  |b BIBEDU  |d 2019-11-22  |i 4614097  |o 796.3232 VAL 2008  |p 4614097  |r 2023-08-09  |w 2019-11-22  |y BK  |k EFI 
952 |0 0  |1 0  |4 0  |6 796_323200000000000_VAL_2008  |7 0  |8 C  |9 429031  |a BIBCUR  |b BIBCUR  |d 2019-11-22  |i 4712285  |o 796.3232 VAL 2008  |p 4712285  |r 2025-04-22  |w 2019-11-22  |y BK  |k DEN